000 00481nam a22001697a 4500
005 20240327103333.0
008 240327b |||||||| |||| 00| 0 eng d
020 _a9780201357448
082 _a005.73
_bMIA-D
100 _aMian, Michael
245 _aData structures & other objects using java /
_cMichael Mian
260 _aindia:
_bPearson;
_c1999.
300 _axxxii, 768 p. :
_bill;
_c23 cm.
500 _ainclude index.
650 _acomputer science/Database
999 _c35480
_d35480